Five down, no glory (Record no. 115374)
[ view plain ]
| 000 -LEADER | |
|---|---|
| fixed length control field | 01815nam a2200409 a 4500 |
| 082 04 - DEWEY DECIMAL CLASSIFICATION NUMBER | |
| Classification number | 946.081/48092 |
| -- | B |
| 100 1# - MAIN ENTRY--AUTHOR NAME | |
| Personal name | Smith, Richard K. |
| 245 10 - TITLE STATEMENT | |
| Title | Five down, no glory |
| 260 ## - PUBLICATION, DISTRIBUTION, ETC. (IMPRINT) | |
| Place of publication | Annapolis, Md. : |
| Name of publisher | Naval Institute Press, |
| Year of publication | c2011. |
| 300 ## - PHYSICAL DESCRIPTION | |
| Number of Pages | xiii, 377 p. : |
| Other physical details | ill., maps. |
| 650 #0 - SUBJECT ADDED ENTRY--TOPICAL TERM | |
| Topical Term | Air pilots, Military |
| Topical Term | Air pilots, Military |
| Topical Term | Americans |
| 700 1# - ADDED ENTRY--PERSONAL NAME | |
| Personal name | Hall, R. Cargill. |
| 856 40 - ELECTRONIC LOCATION AND ACCESS | |
| Uniform Resource Identifier | http://site.ebrary.com/lib/rucke/Doc?id=10503111 |
No items available.
